[Event "España ch Sub-16 2008"]
[Site "Padron ESP"]
[Date "2008.07.20"]
[Round "2.22"]
[White "Eguia Cambero, Ignacio"]
[Black "Castellanos Mendoza, David"]
[Result "1-0"]
[PlyCount "107"]
[EventDate "2008.07.20"]
[EventType "swiss"]
[EventRounds "9"]
[EventCountry "ESP"]
[Source "lmi"]
[SourceDate "2008.07.20"]
[WhiteElo "1915"]
[BlackElo "2073"]

1. e4 c5 2. Nf3 Nc6 3. d4 cxd4 4. Nxd4 e5 5. Nb5 a6 6. Nd6+ Bxd6 7. Qxd6 Qf6 8.
Qxf6 Nxf6 9. Nc3 d5 10. Nxd5 Nxd5 11. exd5 Nb4 12. Kd1 Bf5 13. Bd3 Nxd3 14.
cxd3 Bxd3 15. Re1 e4 16. Bd2 O-O 17. Bb4 Rfd8 18. d6 a5 19. Ba3 b5 20. Bc5 Rac8
21. Rc1 f5 22. a3 Kf7 23. Kd2 Ke6 24. b4 axb4 25. Bxb4 Rc4 26. Rxc4 Bxc4 27.
Rc1 Rd7 28. a4 g5 29. a5 Ra7 30. Kc3 Ke5 31. Ra1 Kd5 32. a6 Kc6 33. Kd4 Bd5 34.
Bc5 Ra8 35. a7 Be6 36. Ra6+ Kb7 37. Rb6+ Kxa7 38. d7 Bxd7 39. Rd6+ Kb7 40.
Rxd7+ Kc6 41. Rd6+ Kc7 42. Kd5 Re8 43. Rh6 Rd8+ 44. Bd6+ Kb6 45. Ke5 Rd7 46.
Bb4+ Kb7 47. Kxf5 g4 48. Kxe4 Rf7 49. f4 gxf3 50. gxf3 Rc7 51. Ke5 Ka8 52. Rh4
Kb7 53. f4 Kc8 54. f5 1-0

[Event "España ch Sub-16 2008"]
[Site "Padron ESP"]
[Date "2008.07.20"]
[Round "2.23"]
[White "Castillo Sanjuan, Daniel"]
[Black "Anaya Lopez, Victor Jose"]
[Result "1-0"]
[PlyCount "85"]
[EventDate "2008.07.20"]
[EventType "swiss"]
[EventRounds "9"]
[EventCountry "ESP"]
[Source "lmi"]
[SourceDate "2008.07.20"]
[WhiteElo "1911"]
[BlackElo "2046"]

1. e4 c5 2. Nf3 Nc6 3. d4 cxd4 4. Nxd4 Nf6 5. Nc3 e5 6. Ndb5 d6 7. Bg5 a6 8.
Na3 b5 9. Bxf6 gxf6 10. Nd5 Bg7 11. Bd3 Ne7 12. Nxe7 Qxe7 13. c4 f5 14. O-O O-O
15. Qh5 Rb8 16. Rae1 bxc4 17. Nxc4 d5 18. exd5 e4 19. b3 Rd8 20. Kh1 Rb5 21. d6
Qf6 22. Bc2 Be6 23. Rd1 f4 24. Qe2 f3 25. Qe3 Rh5 26. Qxe4 fxg2+ 27. Qxg2 Bh3
28. Qg3 Bxf1 29. Rxf1 Rg5 30. Qh3 h6 31. f4 Rd5 32. Qe3 Rh5 33. Re1 Qh4 34. Re2
Bf6 35. Qe4 Qh3 36. Qh7+ Kf8 37. Rg2 Ke8 38. Qg8+ Kd7 39. Qxf7+ Kc6 40. Qxf6
Qf3 41. Ne5+ Rxe5 42. fxe5 Qe3 43. Qxd8 1-0

[Event "España ch Sub-16 2008"]
[Site "Padron ESP"]
[Date "2008.07.20"]
[Round "2.24"]
[White "Hernandez Munoz, Antonio"]
[Black "Castillo Sanjuan, Alejandro"]
[Result "1-0"]
[PlyCount "83"]
[EventDate "2008.07.20"]
[EventType "swiss"]
[EventRounds "9"]
[EventCountry "ESP"]
[Source "lmi"]
[SourceDate "2008.07.20"]
[WhiteElo "2044"]
[BlackElo "1915"]

1. e4 c5 2. Nf3 d6 3. d4 cxd4 4. Nxd4 Nf6 5. Nc3 a6 6. Bc4 e6 7. Bb3 Be7 8. Bg5
O-O 9. Qf3 Nc6 10. O-O-O Ne5 11. Qh3 Qc7 12. Qg3 Nh5 13. Qh4 Bxg5+ 14. Qxg5 Nf6
15. Rhe1 b5 16. a3 Rb8 17. Qg3 b4 18. axb4 Rxb4 19. f4 Nc4 20. Na2 Rb7 21. Rd3
d5 22. e5 Nd7 23. Re2 Qb6 24. f5 Ncxe5 25. Rxe5 Nxe5 26. Qxe5 exf5 27. Nxf5
Bxf5 28. Qxf5 Qh6+ 29. Kb1 Re7 30. Qxd5 Qxh2 31. Nc3 Re6 32. Ka2 Qe5 33. Qf3
Rf6 34. Qb7 Rb8 35. Qd7 h5 36. Rd5 Qg3 37. Ne4 Qf4 38. Nxf6+ Qxf6 39. Rxh5 g6
40. Rh3 Rd8 41. Qg4 Kg7 42. Rf3 1-0

[Event "España ch Sub-16 2008"]
[Site "Padron ESP"]
[Date "2008.07.20"]
[Round "2.25"]
[White "Porras Mateo, Alejandra"]
[Black "Marrero Falcon, Hector"]
[Result "1-0"]
[PlyCount "73"]
[EventDate "2008.07.20"]
[EventType "swiss"]
[EventRounds "9"]
[EventCountry "ESP"]
[Source "lmi"]
[SourceDate "2008.07.20"]
[WhiteElo "1905"]
[BlackElo "2044"]

1. e4 c5 2. Nc3 e6 3. g3 Nc6 4. Bg2 a6 5. d3 Nf6 6. f4 d5 7. e5 Nd7 8. Nf3 b5
9. O-O Be7 10. Kh1 f6 11. exf6 Nxf6 12. a3 O-O 13. Bd2 Qb6 14. h3 Bb7 15. Be1
d4 16. Ne4 Nxe4 17. dxe4 Rad8 18. Bf2 b4 19. Re1 a5 20. Bf1 Ba6 21. Bxa6 Qxa6
22. Qe2 d3 23. cxd3 Qxd3 24. axb4 cxb4 25. Qxd3 Rxd3 26. Kg2 Ra8 27. Rec1 Ra6
28. Ra4 Kf7 29. Rxc6 Rxc6 30. Ne5+ Ke8 31. Nxd3 Rd6 32. Ne5 Rd2 33. Rxa5 Bd8
34. Ra8 Rc2 35. Kf3 Ke7 36. Ra7+ Kf8 37. Bd4 1-0

[Event "España ch Sub-16 2008"]
[Site "Padron ESP"]
[Date "2008.07.20"]
[Round "2.26"]
[White "Garcia Gil, Bernardino"]
[Black "Ladron De Guevara Pinto, Paolo"]
[Result "1/2-1/2"]
[PlyCount "152"]
[EventDate "2008.07.20"]
[EventType "swiss"]
[EventRounds "9"]
[EventCountry "ESP"]
[Source "lmi"]
[SourceDate "2008.07.20"]
[WhiteElo "2044"]
[BlackElo "1915"]

1. e4 e6 2. d4 d5 3. Nd2 Nf6 4. e5 Nfd7 5. Bd3 c5 6. c3 Nc6 7. Ne2 cxd4 8. cxd4
f6 9. exf6 Nxf6 10. Nf3 Qb6 11. O-O Bd6 12. b3 O-O 13. Bf4 Bxf4 14. Nxf4 Bd7
15. Rc1 Ne4 16. Ne2 Be8 17. Bxe4 dxe4 18. Ng5 Bh5 19. Nxe6 Rf6 20. Nc5 Nxd4 21.
Qxd4 Bxe2 22. Qd5+ Rf7 23. Rfe1 Bd3 24. Nxd3 exd3 25. Qxd3 Qxf2+ 26. Kh1 Raf8
27. Qd5 Kh8 28. h3 h6 29. a4 Qg3 30. Red1 b6 31. Rc8 Rxc8 32. Qxf7 Qc7 33. Qg6
Qf4 34. Qb1 Qf7 35. b4 Rb8 36. Qc2 Re8 37. b5 Kg8 38. Qc3 Rb8 39. Qg3 Re8 40.
Rd6 Kh7 41. Kh2 Re7 42. Rd8 Qf6 43. Qb8 Re5 44. Rh8+ Kg6 45. Rf8 Qe7 46. Qc8
Qd6 47. Rd8 Qe7 48. Rd7 Qf6 49. Qc2+ Kh5 50. Qd3 Qf4+ 51. Qg3 Qxg3+ 52. Kxg3 a6
53. bxa6 Ra5 54. Rxg7 Rxa6 55. Rg4 b5 56. axb5 Ra3+ 57. Kh2 Rxh3+ 58. Kg1 Rb3
59. Rg8 Rxb5 60. Kh2 Rg5 61. Rf8 Kg6 62. g3 Ra5 63. Kh3 Rb5 64. Ra8 Rb6 65. Kh4
Rc6 66. Rg8+ Kh7 67. Rg4 Rc7 68. Rd4 Ra7 69. Rd5 Rb7 70. Kh5 Ra7 71. g4 Rb7 72.
Kh4 Ra7 73. Rd6 Rb7 74. Kg3 Kg7 75. Rd5 Rf7 76. Rc5 Ra7 1/2-1/2

[Event "España ch Sub-16 2008"]
[Site "Padron ESP"]
[Date "2008.07.20"]
[Round "2.27"]
[White "Suarez Calvo, Alexandra"]
[Black "Iglesias Gascon, David"]
[Result "1-0"]
[PlyCount "67"]
[EventDate "2008.07.20"]
[EventType "swiss"]
[EventRounds "9"]
[EventCountry "ESP"]
[Source "lmi"]
[SourceDate "2008.07.20"]
[WhiteElo "2037"]
[BlackElo "1904"]

1. e4 e6 2. d4 d5 3. Nc3 Nf6 4. Bg5 Bb4 5. e5 h6 6. Bd2 Bxc3 7. Bxc3 Ne4 8. Bb4
c5 9. Bxc5 Nxc5 10. dxc5 Qa5+ 11. c3 Qxc5 12. Bd3 Nc6 13. Nf3 b5 14. O-O a5 15.
Qe2 Rb8 16. Rfd1 Ba6 17. Rac1 a4 18. Rd2 O-O 19. Bc2 f5 20. Bxa4 Qb6 21. Bb3 b4
22. Qd1 Na5 23. Nd4 bxc3 24. Rxc3 Bc4 25. Rdc2 Qa6 26. Bxc4 Nxc4 27. Qe2 Qxa2
28. b3 Qa3 29. g3 Na5 30. Nxe6 Rfe8 31. Nc7 Nxb3 32. Nxe8 Qa1+ 33. Qf1 Qxf1+
34. Kxf1 1-0

[Event "España ch Sub-16 2008"]
[Site "Padron ESP"]
[Date "2008.07.20"]
[Round "2.28"]
[White "Jimenez Lupianez, Laura"]
[Black "Montañes Arribas, Adrian"]
[Result "0-1"]
[PlyCount "96"]
[EventDate "2008.07.20"]
[EventType "swiss"]
[EventRounds "9"]
[EventCountry "ESP"]
[Source "lmi"]
[SourceDate "2008.07.20"]
[WhiteElo "1901"]
[BlackElo "2034"]

1. d4 d5 2. c4 e6 3. Nc3 c5 4. e3 Nf6 5. Nf3 Nc6 6. a3 a6 7. dxc5 Bxc5 8. b4
Ba7 9. Bb2 O-O 10. cxd5 exd5 11. Be2 Bg4 12. O-O Rc8 13. Rc1 Qd6 14. Nd4 Bb8
15. g3 Bh3 16. Re1 Rfe8 17. Bf3 Ne5 18. Bg2 Bxg2 19. Kxg2 Nc4 20. Qb3 Ng4 21.
Nf3 Ncxe3+ 22. fxe3 Nxh2 23. Ne2 Rxc1 24. Rxc1 Ng4 25. Bd4 Qe6 26. Rc3 Bd6 27.
Qc2 Qh6 28. Qd3 Qh5 29. Nf4 Bxf4 30. exf4 Nh6 31. Rc2 Nf5 32. Re2 Rc8 33. Bb2
f6 34. Qxd5+ Kh8 35. Qd7 Rf8 36. Bc3 Qg4 37. Be1 Nh4+ 38. Nxh4 Qxd7 39. Bf2 Re8
40. Rc2 Qd5+ 41. Kh2 Kg8 42. Bc5 Qd3 43. Rf2 Qxa3 44. Nf5 a5 45. Nd6 Re1 46.
Nc4 Qc1 47. Nxa5 Rh1+ 48. Kg2 Qd1 0-1

[Event "España ch Sub-16 2008"]
[Site "Padron ESP"]
[Date "2008.07.20"]
[Round "2.29"]
[White "Gil Quilez, David"]
[Black "Silva Rodriguez, Fernando"]
[Result "1-0"]
[PlyCount "69"]
[EventDate "2008.07.20"]
[EventType "swiss"]
[EventRounds "9"]
[EventCountry "ESP"]
[Source "lmi"]
[SourceDate "2008.07.20"]
[WhiteElo "2031"]
[BlackElo "1890"]

1. e4 e5 2. Nf3 Nc6 3. Bc4 Bc5 4. c3 Nf6 5. b4 Bb6 6. d3 d6 7. O-O h6 8. Be3
O-O 9. Nbd2 Ne7 10. Bb3 Ng6 11. a4 c6 12. Re1 Re8 13. Qc2 a5 14. d4 Bg4 15. h3
Bxf3 16. Nxf3 Qc7 17. Rad1 Rad8 18. Re2 Kf8 19. bxa5 Bxa5 20. Bc1 d5 21. exd5
cxd5 22. dxe5 Nxe5 23. Nxe5 Rxe5 24. Rxe5 Qxe5 25. c4 d4 26. Qd3 Ne4 27. Ba3+
Kg8 28. Bc2 g6 29. Qxe4 Qxe4 30. Bxe4 Bb6 31. Bd3 Ra8 32. c5 Rxa4 33. cxb6 Rxa3
34. Bc4 Kg7 35. Rxd4 1-0

[Event "España ch Sub-16 2008"]
[Site "Padron ESP"]
[Date "2008.07.20"]
[Round "2.30"]
[White "Benarque Lopez, Francisco Jose"]
[Black "Donoso Sanchez, Alejandro"]
[Result "0-1"]
[PlyCount "94"]
[EventDate "2008.07.20"]
[EventType "swiss"]
[EventRounds "9"]
[EventCountry "ESP"]
[Source "lmi"]
[SourceDate "2008.07.20"]
[WhiteElo "1889"]
[BlackElo "2023"]

1. d4 c5 2. d5 Nf6 3. c4 e6 4. Nc3 exd5 5. cxd5 d6 6. e4 g6 7. f4 Bg7 8. Nf3
O-O 9. Be2 Re8 10. e5 dxe5 11. fxe5 Ng4 12. Bg5 f6 13. exf6 Bxf6 14. Bxf6 Qxf6
15. O-O Ne3 16. Qb3 Nxf1 17. Rxf1 Qb6 18. Qa4 Rf8 19. Qh4 Qf6 20. Ng5 Qd4+ 21.
Qxd4 Rxf1+ 22. Kxf1 cxd4 23. Nb5 Na6 24. Nxd4 Nc5 25. b4 Na4 26. Kf2 Nb6 27.
Bf3 a5 28. b5 Nc4 29. Ke2 Bd7 30. Ne4 Bf5 31. Nxf5 gxf5 32. Nc3 Kg7 33. Kd3 Rc8
34. Kd4 Kf6 35. Be2 Nd6 36. Bd3 Rg8 37. g3 Rg4+ 38. Kc5 Ke5 39. Kb6 Kd4 40. Be2
Kxc3 41. Bxg4 fxg4 42. Kc7 Nxb5+ 43. Kxb7 a4 44. Kb6 Nd6 45. Kc6 Nf7 46. Kd7
Kd4 47. Ke6 a3 0-1

[Event "España ch Sub-16 2008"]
[Site "Padron ESP"]
[Date "2008.07.20"]
[Round "2.31"]
[White "Navarro Diaz, Carles"]
[Black "Gonzalez Carro, Victor"]
[Result "1-0"]
[PlyCount "51"]
[EventDate "2008.07.20"]
[EventType "swiss"]
[EventRounds "9"]
[EventCountry "ESP"]
[Source "lmi"]
[SourceDate "2008.07.20"]
[WhiteElo "2020"]
[BlackElo "1656"]

1. d4 d5 2. c4 e5 3. dxe5 d4 4. Nf3 Nc6 5. g3 Nge7 6. Bg2 Ng6 7. O-O Ngxe5 8.
Nxe5 Nxe5 9. Bf4 Ng6 10. Qc1 Be7 11. Rd1 c5 12. Nc3 Nxf4 13. Qxf4 O-O 14. Nd5
Bd6 15. Qf3 Be6 16. b4 cxb4 17. Rab1 Bc5 18. Qh5 Rc8 19. Be4 f5 20. Nf4 Qe8 21.
Qxe8 Rfxe8 22. Bxb7 Bxc4 23. Bxc8 Rxc8 24. Rb2 a5 25. Rc1 Ba6 26. Rbc2 1-0

[Event "España ch Sub-16 2008"]
[Site "Padron ESP"]
[Date "2008.07.20"]
[Round "2.32"]
[White "Navarro Molina, David"]
[Black "Pozueta Alegria, Adrian"]
[Result "1-0"]
[PlyCount "59"]
[EventDate "2008.07.20"]
[EventType "swiss"]
[EventRounds "9"]
[EventCountry "ESP"]
[Source "lmi"]
[SourceDate "2008.07.20"]
[WhiteElo "1723"]
[BlackElo "2016"]

1. d4 c5 2. d5 e5 3. c4 d6 4. e4 f5 5. Nc3 Nf6 6. Bd3 f4 7. g3 Be7 8. gxf4 exf4
9. Bxf4 O-O 10. Qd2 Ng4 11. Bg3 Bh4 12. f4 Bf6 13. Nf3 Bd4 14. Nxd4 cxd4 15.
Nb5 Qb6 16. f5 Na6 17. Bxd6 Re8 18. O-O-O Bd7 19. Bf4 Bxb5 20. cxb5 Nc5 21.
Rhg1 Ne3 22. Bxe3 dxe3 23. Qg2 Re7 24. d6 Nxd3+ 25. Rxd3 Rc8+ 26. Kb1 Rd7 27.
e5 e2 28. Rd2 Qe3 29. Rxe2 Qd3+ 30. Ka1 1-0

[Event "España ch Sub-16 2008"]
[Site "Padron ESP"]
[Date "2008.07.20"]
[Round "2.38"]
[White "Forcen Esteban, Daniel"]
[Black "Ontanon Gomez, Jesus"]
[Result "1-0"]
[WhiteElo "2200"]
[BlackElo "1761"]
[PlyCount "37"]
[EventDate "2008.07.20"]
[EventType "swiss"]
[EventRounds "9"]
[EventCountry "ESP"]
[Source "lmi"]
[SourceDate "2008.07.20"]

1. e4 c5 2. Nc3 Nc6 3. f4 d6 4. Bc4 g6 5. Nf3 Bg7 6. O-O e6 7. Qe1 Nge7 8. d3
Bd7 9. a4 O-O 10. f5 Nd4 11. Qh4 Nec6 12. Bg5 f6 13. Bd2 a6 14. Qg4 Nxf3+ 15.
gxf3 Ne5 16. fxe6 Nxc4 17. dxc4 Bc8 18. Nd5 Re8 19. e7 1-0

[Event "España ch Sub-16 2008"]
[Site "Padron ESP"]
[Date "2008.07.20"]
[Round "2.39"]
[White "Diaz Diaz, Herena"]
[Black "Herrera Reyes, Jose Antonio"]
[Result "0-1"]
[WhiteElo "1806"]
[BlackElo "2145"]
[PlyCount "57"]
[EventDate "2008.07.20"]
[EventType "swiss"]
[EventRounds "9"]
[EventCountry "ESP"]
[Source "lmi"]
[SourceDate "2008.07.20"]

1. e4 c5 2. Nf3 e6 3. d4 cxd4 4. Nxd4 a6 5. Nc3 b5 6. Bd3 Bb7 7. O-O Qc7 8. a3
Nf6 9. Re1 Bc5 10. Nb3 Bb6 11. Be3 Bxe3 12. Rxe3 Nc6 13. Rg3 h5 14. Qd2 h4 15.
Rh3 Ne5 16. Qg5 Rh5 17. Qe3 g5 18. Qc5 Qb8 19. Qb6 Nc4 20. Bxc4 bxc4 21. Nc5
Bc6 22. Qxb8+ Rxb8 23. e5 Ng4 24. Nxa6 Rxb2 25. Nb4 Nxe5 26. Nd1 g4 27. Rc3
Rxb4 28. axb4 h3 29. gxh3 0-1

[Event "España ch Sub-16 2008"]
[Site "Padron ESP"]
[Date "2008.07.20"]
[Round "2.40"]
[White "Gallego Martin, Miguel"]
[Black "Bardera Gil, Sergi"]
[Result "0-1"]
[WhiteElo "1848"]
[BlackElo "2101"]
[PlyCount "62"]
[EventDate "2008.07.20"]
[EventType "swiss"]
[EventRounds "9"]
[EventCountry "ESP"]
[Source "lmi"]
[SourceDate "2008.07.20"]

1. d4 d5 2. c4 c6 3. Nf3 Nf6 4. Nc3 e6 5. e3 Nbd7 6. Bd3 dxc4 7. Bxc4 b5 8. Be2
Bb7 9. O-O b4 10. Na4 Bd6 11. Qc2 Qa5 12. Bd2 Qd5 13. Rac1 Qh5 14. Nc5 Nxc5 15.
dxc5 Bxh2+ 16. Nxh2 Qxe2 17. Bxb4 Qh5 18. Qd1 Qh4 19. Ba5 O-O 20. Nf3 Qh5 21.
Nd4 Ng4 22. Nf3 e5 23. e4 f5 24. Qd2 h6 25. g3 fxe4 26. Nh4 g5 27. f3 exf3 28.
Nxf3 Ba6 29. Qc2 Bxf1 30. Rxf1 Qh3 31. Be1 Qxf1+ 0-1

[Event "España ch Sub-16 2008"]
[Site "Padron ESP"]
[Date "2008.07.20"]
[Round "2.41"]
[White "Bascunada Gonzalez, Sergio"]
[Black "Moreno Martin, Daniel"]
[Result "1/2-1/2"]
[WhiteElo "1645"]
[BlackElo "2091"]
[PlyCount "88"]
[EventDate "2008.07.20"]
[EventType "swiss"]
[EventRounds "9"]
[EventCountry "ESP"]
[Source "lmi"]
[SourceDate "2008.07.20"]

1. e4 e6 2. d3 d5 3. Nd2 Nf6 4. Ngf3 b6 5. g3 Bb7 6. Qe2 dxe4 7. dxe4 Nc6 8. c3
a5 9. Bg2 e5 10. Qb5 Nd7 11. O-O Bc5 12. Re1 O-O 13. Nf1 h6 14. h4 Nf6 15. Qb3
Qe7 16. Ne3 Bxe3 17. Bxe3 Nb8 18. Nd2 Ng4 19. Qc2 Nd7 20. Rad1 Ndf6 21. Nf1
Rfd8 22. Bd2 Ne8 23. Ne3 Nxe3 24. Bxe3 Nf6 25. Bf3 Qe6 26. b3 Qe7 27. Bc1 Nh7
28. Bg2 Nf6 29. Qe2 Ba6 30. Qf3 Rxd1 31. Rxd1 Rd8 32. c4 Bc8 33. Rxd8+ Qxd8 34.
Qe2 Qd6 35. Qd2 Qxd2 36. Bxd2 Bb7 37. f3 Nd7 38. Kf2 f6 39. Bh3 Nb8 40. Ke3 Kf7
41. c5 Nc6 42. cxb6 cxb6 43. Bc3 Ke7 44. f4 Kd6 1/2-1/2

[Event "España ch Sub-16 2008"]
[Site "Padron ESP"]
[Date "2008.07.20"]
[Round "2.42"]
[White "Subirats Ruiz, Sergi"]
[Black "Anaya Lopez, Gonzalo Javier"]
[Result "1-0"]
[WhiteElo "2054"]
[BlackElo "1851"]
[PlyCount "35"]
[EventDate "2008.07.20"]
[EventType "swiss"]
[EventRounds "9"]
[EventCountry "ESP"]
[Source "lmi"]
[SourceDate "2008.07.20"]

1. e4 e6 2. Qe2 Ne7 3. d3 d5 4. Nd2 c6 5. b3 dxe4 6. dxe4 e5 7. Bb2 Ng6 8.
O-O-O Qc7 9. g3 Na6 10. h4 h5 11. Nc4 Bd7 12. Bh3 Nc5 13. Bf5 Be6 14. Nf3 Bxc4
15. Qxc4 Bd6 16. Bxg6 fxg6 17. Nxe5 O-O-O 18. Nf7 1-0

[Event "España ch Sub-16 2008"]
[Site "Padron ESP"]
[Date "2008.07.20"]
[Round "2.43"]
[White "Garro Beraza, Julen"]
[Black "Bujosa Ribas, Joan"]
[Result "1-0"]
[WhiteElo "1793"]
[BlackElo "2012"]
[PlyCount "58"]
[EventDate "2008.07.20"]
[EventType "swiss"]
[EventRounds "9"]
[EventCountry "ESP"]
[Source "lmi"]
[SourceDate "2008.07.20"]

1. e4 d5 2. exd5 Qxd5 3. Nc3 Qa5 4. d4 Nf6 5. Nf3 Bf5 6. Bd3 Bxd3 7. Qxd3 e6 8.
O-O Be7 9. Bd2 c6 10. Rfe1 O-O 11. Ne4 Qd8 12. Rad1 Nbd7 13. Bf4 Nd5 14. Bg3 f5
15. Nc3 f4 16. Qe4 fxg3 17. Qxe6+ Rf7 18. Nxd5 gxf2+ 19. Kxf2 cxd5 20. Qxd5 Nb6
21. Qxd8+ Rxd8 22. Kg1 Bf6 23. c3 Rff8 24. b3 Rfe8 25. Rxe8+ Rxe8 26. Kf1 Nd5
27. Rd3 Re3 28. Rxe3 Nxe3+ 29. Ke2 Nxg2 1-0

[Event "España ch Sub-16 2008"]
[Site "Padron ESP"]
[Date "2008.07.20"]
[Round "2.44"]
[White "Tejedor Ariza, Francisco"]
[Black "Ausin Neira, David"]
[Result "1-0"]
[WhiteElo "2010"]
[BlackElo "1519"]
[PlyCount "89"]
[EventDate "2008.07.20"]
[EventType "swiss"]
[EventRounds "9"]
[EventCountry "ESP"]
[Source "lmi"]
[SourceDate "2008.07.20"]

1. e4 e6 2. d4 d5 3. Nc3 Nf6 4. Bg5 dxe4 5. Nxe4 Be7 6. Nxf6+ Bxf6 7. Bxf6 Qxf6
8. Nf3 O-O 9. Bd3 Nc6 10. O-O e5 11. dxe5 Nxe5 12. Nxe5 Qxe5 13. c3 Bf5 14. Re1
Qf6 15. Bxf5 Qxf5 16. Re7 Qc5 17. Qe2 Rad8 18. g3 g6 19. Re1 a6 20. Qe5 Qxe5
21. R1xe5 Rd2 22. b4 Rc8 23. a4 Kf8 24. a5 Rc2 25. Rd7 Rxc3 26. Ree7 Rc4 27.
Rxf7+ Ke8 28. Rde7+ Kd8 29. Rxh7 Rxb4 30. Reg7 Re4 31. Rxg6 c5 32. Rg8+ Re8 33.
Rgg7 Re6 34. Rd7+ Ke8 35. Rxb7 Rf6 36. Rh8+ Rf8 37. Rxf8+ Kxf8 38. Kf1 Rc6 39.
Rb6 Rc7 40. Rxa6 Ke7 41. Rb6 Ra7 42. a6 Kd7 43. Rb7+ Rxb7 44. axb7 Kc7 45. h4
1-0

[Event "España ch Sub-16 2008"]
[Site "Padron ESP"]
[Date "2008.07.20"]
[Round "2.46"]
[White "Garcia Salamero, Gabriel"]
[Black "Garcia Salamero, Hector"]
[Result "1-0"]
[WhiteElo "1973"]
[BlackElo "1638"]
[PlyCount "79"]
[EventDate "2008.07.20"]
[EventType "swiss"]
[EventRounds "9"]
[EventCountry "ESP"]
[Source "lmi"]
[SourceDate "2008.07.20"]

1. f4 f5 2. Nf3 Nf6 3. d3 d6 4. c3 Nc6 5. Qc2 e5 6. e4 Be6 7. Be2 Qd7 8. h3 h6
9. exf5 Bxf5 10. g4 Bh7 11. f5 g6 12. fxg6 Bxg6 13. Nh4 Bh7 14. Na3 O-O-O 15.
g5 hxg5 16. Bxg5 Qf7 17. O-O-O Be7 18. Rhf1 Rhg8 19. Bg4+ Kb8 20. Bxf6 Bxf6 21.
Kb1 Qe7 22. Nf5 Bxf5 23. Rxf5 Rdf8 24. Nc4 Bg5 25. Rdf1 Bf4 26. Rxf8+ Rxf8 27.
a3 a6 28. Qe2 Nd8 29. Ne3 Qg5 30. Nd5 c6 31. Nxf4 Rxf4 32. Rxf4 Qxf4 33. Qe4
Nf7 34. Qxf4 exf4 35. Kc2 Kc7 36. Kd2 d5 37. Ke2 Kd6 38. d4 Ng5 39. h4 Ne4 40.
Kf3 1-0

[Event "España ch Sub-16 2008"]
[Site "Padron ESP"]
[Date "2008.07.20"]
[Round "2.47"]
[White "Pedreira Giralda, Francisco"]
[Black "Bautista Mendez, Jose Antonio"]
[Result "1/2-1/2"]
[WhiteElo "1608"]
[BlackElo "1908"]
[PlyCount "55"]
[EventDate "2008.07.20"]
[EventType "swiss"]
[EventRounds "9"]
[EventCountry "ESP"]
[Source "lmi"]
[SourceDate "2008.07.20"]

1. Nf3 d5 2. g3 Nc6 3. Bg2 e5 4. d3 f5 5. O-O Nf6 6. Nbd2 Bd6 7. c4 d4 8. Nb3
O-O 9. Qc2 Be6 10. Ng5 Qd7 11. Nxe6 Qxe6 12. Bg5 h6 13. Bxf6 Qxf6 14. Nd2 h5
15. c5 Be7 16. f4 h4 17. Qc4+ Kh8 18. Nf3 exf4 19. gxf4 Qg6 20. Kh1 Bf6 21. Rg1
Qh6 22. Ng5 Bxg5 23. fxg5 Qg6 24. Raf1 Rae8 25. Bf3 Rd8 26. Qb3 Rb8 27. Qc4
Rbd8 28. Qb3 1/2-1/2

[Event "España ch Sub-16 2008"]
[Site "Padron ESP"]
[Date "2008.07.20"]
[Round "2.48"]
[White "Fernandez Arroyo, Cesar"]
[Black "Vila Gonzalez, Daniel"]
[Result "0-1"]
[WhiteElo "1685"]
[BlackElo "2039"]
[PlyCount "64"]
[EventDate "2008.07.20"]
[EventType "swiss"]
[EventRounds "9"]
[EventCountry "ESP"]
[Source "lmi"]
[SourceDate "2008.07.20"]

1. e4 c5 2. g3 Nc6 3. Bg2 g6 4. Nf3 Bg7 5. O-O d6 6. c3 e5 7. Re1 Nge7 8. Na3
O-O 9. Nc2 f5 10. d3 h6 11. b3 f4 12. d4 Qc7 13. d5 Nd8 14. c4 g5 15. h3 g4 16.
hxg4 Bxg4 17. Qd3 Ng6 18. Nh2 Bc8 19. g4 Nf7 20. f3 Ng5 21. Kf2 a6 22. Bd2 Bd7
23. Kf1 Kf7 24. Kf2 Rh8 25. Rh1 h5 26. Qe2 hxg4 27. Nxg4 Bxg4 28. fxg4 Nh4 29.
Bh3 Qd7 30. Rag1 Nhf3 31. Bg2 Qxg4 32. Qd3 Qg3+ 0-1

[Event "España ch Sub-16 2008"]
[Site "Padron ESP"]
[Date "2008.07.20"]
[Round "2.49"]
[White "Arregui Untoria, Carlos"]
[Black "Garcia Gutierrez, Isabel"]
[Result "1-0"]
[WhiteElo "2012"]
[BlackElo "1634"]
[PlyCount "49"]
[EventDate "2008.07.20"]
[EventType "swiss"]
[EventRounds "9"]
[EventCountry "ESP"]
[Source "lmi"]
[SourceDate "2008.07.20"]

1. e4 c5 2. Nc3 d6 3. g3 g6 4. Bg2 Bg7 5. d3 e6 6. f4 Ne7 7. Nf3 Nbc6 8. O-O
O-O 9. g4 f5 10. h3 Rb8 11. a4 a6 12. Qe1 b5 13. axb5 axb5 14. exf5 gxf5 15.
Ne2 b4 16. Ng3 Qe8 17. Nh5 Ng6 18. Nxg7 Kxg7 19. Qg3 Bb7 20. h4 Kh8 21. h5 Nge7
22. b3 d5 23. Re1 Qf7 24. Bb2+ d4 25. Ng5 1-0

[Event "España ch Sub-16 2008"]
[Site "Padron ESP"]
[Date "2008.07.20"]
[Round "2.50"]
[White "Castillo Escario, Yolanda"]
[Black "Santana Montero, Pedro Luis"]
[Result "0-1"]
[WhiteElo "1679"]
[BlackElo "1969"]
[PlyCount "42"]
[EventDate "2008.07.20"]
[EventType "swiss"]
[EventRounds "9"]
[EventCountry "ESP"]
[Source "lmi"]
[SourceDate "2008.07.20"]

1. e4 e6 2. d4 d5 3. Nd2 c5 4. Ngf3 Nc6 5. exd5 exd5 6. Bb5 Bd6 7. dxc5 Bxc5 8.
O-O Nge7 9. Nb3 Bd6 10. Nbd4 O-O 11. c3 Bg4 12. Be2 Re8 13. Qc2 Ng6 14. h3 Nxd4
15. Nxd4 Bxe2 16. Nxe2 Qh4 17. Be3 Ne5 18. Rad1 Re6 19. Rd4 Nf3+ 20. gxf3 Qxh3
21. Bf4 Rh6 0-1

[Event "España ch Sub-16 2008"]
[Site "Padron ESP"]
[Date "2008.07.21"]
[Round "3.1"]
[White "De Nacimiento Montano, Angel"]
[Black "Alonso Rosell, Alvar"]
[Result "0-1"]
[PlyCount "82"]
[EventDate "2008.07.20"]
[EventType "swiss"]
[EventRounds "9"]
[EventCountry "ESP"]
[Source "lmi"]
[SourceDate "2008.07.20"]
[WhiteElo "2099"]
[BlackElo "2393"]

1. e4 c5 2. Ne2 a6 3. c4 e5 4. Nbc3 Nc6 5. d3 g6 6. g3 Bg7 7. Bg2 Rb8 8. O-O d6
9. Nd5 Nge7 10. f4 exf4 11. Bxf4 Nxd5 12. exd5 Ne5 13. Qd2 O-O 14. Nc3 b5 15.
b3 Bf5 16. Be4 b4 17. Ne2 Bxe4 18. dxe4 Qd7 19. Rae1 Rbe8 20. Bh6 Re7 21. Bxg7
Kxg7 22. Qg5 Rfe8 23. Rf4 h6 24. Qf6+ Kg8 25. h3 Qd8 26. Ref1 Rd7 27. Qxd8
Rexd8 28. g4 a5 29. Nc1 a4 30. R4f2 Ra8 31. Rf6 Kg7 32. R6f2 Re7 33. Re2 axb3
34. axb3 Ra1 35. Na2 Rxf1+ 36. Kxf1 Ra7 37. Kf2 Ra3 38. Nc1 Ra1 39. Na2 Rb1 40.
Re3 Rb2+ 41. Re2 Rxb3 0-1

[Event "España ch Sub-16 2008"]
[Site "Padron ESP"]
[Date "2008.07.21"]
[Round "3.2"]
[White "Arribas Lopez, Angel"]
[Black "Hernandez Munoz, Antonio"]
[Result "1-0"]
[PlyCount "61"]
[EventDate "2008.07.20"]
[EventType "swiss"]
[EventRounds "9"]
[EventCountry "ESP"]
[Source "lmi"]
[SourceDate "2008.07.20"]
[WhiteElo "2332"]
[BlackElo "2044"]

1. e4 c5 2. Nf3 d6 3. c3 Nf6 4. h3 g6 5. Bd3 Bg7 6. Bc2 O-O 7. O-O Nc6 8. d4
cxd4 9. cxd4 Bd7 10. Nc3 Rc8 11. Re1 Ne8 12. a3 Nc7 13. Be3 Na5 14. Qe2 a6 15.
Bd3 b5 16. Rad1 e6 17. h4 Na8 18. e5 d5 19. Bg5 f6 20. exf6 Bxf6 21. Bxf6 Rxf6
22. h5 Nc4 23. hxg6 hxg6 24. Ne5 Qe8 25. Qg4 Nxe5 26. dxe5 Rf8 27. Bxg6 Qe7 28.
Bf5+ Qg7 29. Bxe6+ Bxe6 30. Qxe6+ Kh8 31. Re3 1-0